[Event "VIE-ch U11"]
[Site "Hai Phong"]
[Date "2018.07.12"]
[Round "8"]
[White "Nguyen, Hai Nam"]
[Black "Le, Quy Tai"]
[Result "1/2-1/2"]
[WhiteElo "1880"]
[BlackElo "1899"]
[PlyCount "40"]
[EventDate "2018.07.07"]
[EventType "swiss"]
[EventRounds "9"]
[EventCountry "VIE"]
[SourceTitle "EXT 2019"]
[Source "ChessBase"]
[SourceDate "2018.10.10"]
[SourceVersion "1"]
[SourceVersionDate "2018.10.10"]
[SourceQuality "1"]

1. d4 d5 2. c4 e6 3. Nc3 b6 4. Bf4 a6 5. Nf3 Bb7 6. cxd5 exd5 7. e3 Nd7 8. Bd3 Be7 9. Rc1 c6 10. a3 Ngf6 11. 0-0 0-0 12. Bb1 b5 13. Ne5 Nxe5 14. Bxe5 Bd6 15. Qc2 g6 16. Bxd6 Qxd6 17. Qe2 Nd7 18. Bd3 Rfe8 19. Qf3 Qf6 20. Qxf6 Nxf6 1/2-1/2

[Event "VIE-ch U11"]
[Site "Hai Phong"]
[Date "2018.07.07"]
[Round "1"]
[White "Tong, Hai Anh"]
[Black "Nguyen, Hai Nam"]
[Result "1-0"]
[WhiteElo "1907"]
[BlackElo "1880"]
[PlyCount "101"]
[EventDate "2018.07.07"]
[EventType "swiss"]
[EventRounds "9"]
[EventCountry "VIE"]
[SourceTitle "EXT 2019"]
[Source "ChessBase"]
[SourceDate "2018.10.10"]
[SourceVersion "1"]
[SourceVersionDate "2018.10.10"]
[SourceQuality "1"]

1. Nf3 Nf6 2. g3 d5 3. Bg2 Bf5 4. 0-0 e6 5. d4 Nbd7 6. c3 Be7 7. Nbd2 0-0 8. Re1 c5 9. h3 h6 10. Nf1 Ne4 11. Bf4 Rc8 12. g4 Bg6 13. Ng3 Ndf6 14. e3 Qb6 15. Qe2 Rfe8 16. Ne5 Bh7 17. Nxe4 Nxe4 18. Nd7 Qd8 19. Nxc5 Nxc5 20. dxc5 Bxc5 21. Be5 Bd6 22. Bxd6 Qxd6 23. e4 dxe4 24. Bxe4 Bxe4 25. Qxe4 Qb6 26. Qc2 Red8 27. Rad1 Rc6 28. Re2 Rcd6 29. Red2 Qc7 30. Rd3 Qb6 31. b3 Qa6 32. Rxd6 Rxd6 33. Rd2 Qc6 34. Qd1 Rxd2 35. Qxd2 Qc7 36. Qd4 a6 37. a4 Qc6 38. c4 Kf8 39. Qd8+ Qe8 40. Qd6+ Kg8 41. Qc7 Qc6 42. Qxc6 bxc6 43. b4 Kf8 44. b5 cxb5 45. cxb5 axb5 46. a5 b4 47. a6 b3 48. a7 b2 49. a8Q+ Ke7 50. Qb7+ Kd6 51. Qxb2 1-0